[Event "46th Bosna it"]
[Site "Sarajevo BIH"]
[Date "2016.05.31"]
[Round "6.39"]
[White "Nestorovic, Katarina"]
[Black "Tuna, Alp"]
[Result "1/2-1/2"]
[WhiteElo "1849"]
[BlackElo "2034"]
[EventDate "2016.05.28"]
[PlyCount "72"]

1.e4 c6 2.d4 d5 3.Nd2 dxe4 4.Nxe4 Bf5 5.Ng3 Bg6 6.f4 e6 7.Nf3 Nf6 8.c3 Bd6
9.Bd3 Bxd3 10.Qxd3 O-O 11.Be3 Nbd7 12.O-O-O Qc7 13.Ne5 Rfd8 14.Qe2 c5 15.
Nxd7 Rxd7 16.Qf3 cxd4 17.Rxd4 Nd5 18.Ne4 Nxe3 19.Nxd6 Rxd6 20.Qxe3 Rxd4 
21.Qxd4 Rd8 22.Qe4 Qd7 23.Qc2 Qb5 24.Rd1 Rxd1+ 25.Qxd1 h6 26.Qf3 b6 27.
Qa8+ Kh7 28.Qe4+ g6 29.Qf3 Qa4 30.a3 Kg7 31.g4 g5 32.fxg5 hxg5 33.Qe2 Qf4+
34.Kc2 Qa4+ 35.Kc1 Qf4+ 36.Kc2 Qa4+ 1/2-1/2

[Event "46th Bosna it"]
[Site "Sarajevo BIH"]
[Date "2016.05.31"]
[Round "6.40"]
[White "Nikolovska, Dragana"]
[Black "Aleksic, Neven"]
[Result "0-1"]
[WhiteElo "1875"]
[BlackElo "2146"]
[EventDate "2016.05.28"]
[PlyCount "98"]

1.e4 e5 2.Nf3 Nc6 3.Bb5 a6 4.Ba4 Nf6 5.Qe2 b5 6.Bb3 Bc5 7.c3 d6 8.O-O O-O 
9.Rd1 Qe7 10.d3 h6 11.h3 Be6 12.Bc2 Ba7 13.Nbd2 Nh5 14.Nf1 Qf6 15.N3h2 Nf4
16.Qf3 g5 17.Be3 Ne7 18.Ng3 Neg6 19.Nh5 Qe7 20.Nxf4 gxf4 21.Bxa7 Rxa7 22.
d4 Qg5 23.g4 Nh4 24.Qe2 h5 25.Kh1 hxg4 26.Nxg4 Bxg4 27.Qxg4 Qxg4 28.hxg4 
f6 29.Bb3+ Kg7 30.Rd3 Kg6 31.Rh3 Kg5 32.Be6 Raa8 33.f3 Rab8 34.d5 Rh8 35.
Kg1 Rbe8 36.Kf2 c5 37.b3 a5 38.a3 Ra8 39.Rhh1 Rab8 40.Rab1 b4 41.axb4 axb4
42.c4 Ra8 43.Ra1 Ra3 44.Rxa3 bxa3 45.Ra1 Nxf3 46.Rxa3 Nd2 47.Bf5 Rh2+ 48.
Kg1 Re2 49.Ra7 f3 0-1

[Event "46th Bosna it"]
[Site "Sarajevo BIH"]
[Date "2016.05.31"]
[Round "6.41"]
[White "Nezirovic, Ozren"]
[Black "Sajin, Mladen"]
[Result "1-0"]
[WhiteElo "2067"]
[BlackElo "1892"]
[EventDate "2016.05.28"]
[PlyCount "65"]

1.e4 e5 2.Nf3 Nc6 3.Bc4 Be7 4.d4 exd4 5.Nxd4 Bf6 6.Be3 Nge7 7.Nc3 d6 8.O-O
O-O 9.a3 Ne5 10.Be2 a6 11.f4 N5c6 12.Qd2 Bd7 13.Rad1 Qc8 14.Nf3 Rd8 15.h3 
b5 16.Kh2 Rb8 17.b4 Qb7 18.g4 g6 19.Qe1 a5 20.bxa5 Nxa5 21.e5 dxe5 22.fxe5
Bg7 23.Qh4 Nac6 24.Bf4 Be6 25.Rxd8+ Rxd8 26.Bxb5 Qb6 27.Ng5 h6 28.Nxe6 
fxe6 29.Bc4 Qc5 30.Bxe6+ Kh7 31.Bxh6 Bxh6 32.Rf7+ Kg8 33.Rxe7+ 1-0

[Event "46th Bosna it"]
[Site "Sarajevo BIH"]
[Date "2016.05.31"]
[Round "6.42"]
[White "Stojkovska, Monika"]
[Black "Colpa, Fahrudin"]
[Result "1-0"]
[WhiteElo "2030"]
[BlackElo "1864"]
[EventDate "2016.05.28"]
[PlyCount "51"]

1.e4 Nc6 2.Nf3 d5 3.exd5 Qxd5 4.Nc3 Qh5 5.d4 Bg4 6.Bb5 O-O-O 7.Bxc6 bxc6 
8.Be3 e5 9.Qe2 Bxf3 10.gxf3 exd4 11.O-O-O Bc5 12.Bf4 Ne7 13.Qa6+ Kd7 14.
Na4 Ke8 15.Bxc7 Rd7 16.Qa5 Rd5 17.Nxc5 Rxc5 18.Qxa7 Qf5 19.c3 Nc8 20.Rhe1+
Kd7 21.Rxd4+ Rd5 22.Rxd5+ Qxd5 23.Qb7 Qb5 24.Bb6+ Kd6 25.Qc7+ Kd5 26.Qe5+ 
1-0

[Event "46th Bosna it"]
[Site "Sarajevo BIH"]
[Date "2016.05.31"]
[Round "6.43"]
[White "Jelen, Darko"]
[Black "Urh, Zala"]
[Result "0-1"]
[WhiteElo "2018"]
[BlackElo "1860"]
[EventDate "2016.05.28"]
[PlyCount "114"]

1.e4 e6 2.d4 d5 3.Nd2 c5 4.exd5 Qxd5 5.dxc5 Nf6 6.Ngf3 Qxc5 7.Bd3 Nbd7 8.
O-O Qc7 9.Qe2 Be7 10.c3 O-O 11.Ne4 b6 12.Bg5 Bb7 13.Nxf6+ Bxf6 14.Be4 Bxe4
15.Qxe4 Qc5 16.Rad1 Rad8 17.Be3 Qb5 18.Qc2 Ne5 19.Nxe5 Bxe5 20.b3 Bb8 21.
g3 Qh5 22.Rd3 f5 23.f4 e5 24.fxe5 Bxe5 25.Qd1 Qxd1 26.Rfxd1 Bf6 27.c4 Kf7 
28.Kf2 Rxd3 29.Rxd3 Rd8 30.Ke2 Ke6 31.Bf4 Rd4 32.Bb8 a6 33.Bc7 Re4+ 34.Kf3
Bd4 35.h4 g6 36.a3 a5 37.b4 a4 38.Bf4 Bb2 39.Rd6+ Ke7 40.Rxb6 Rxc4 41.Ra6 
Rc3+ 42.Ke2 Rxa3 43.Be3 Be5 44.Bf2 Bxg3 45.Bc5+ Kd7 46.b5 Rb3 47.Ra7+ Ke6 
48.b6 Kd5 49.Bg1 a3 50.Ra5+ Kc6 51.Rc5+ Kb7 52.Ra5 Bd6 53.Bd4 Rb4 54.Kd3 
f4 55.Kc3 f3 56.Ra7+ Kc6 57.Ra6 Rxd4 0-1

[Event "46th Bosna it"]
[Site "Sarajevo BIH"]
[Date "2016.05.31"]
[Round "6.44"]
[White "Medic, Nevenko"]
[Black "Marn, Jan"]
[Result "0-1"]
[WhiteElo "2000"]
[BlackElo "1831"]
[EventDate "2016.05.28"]
[PlyCount "68"]

1.d4 d5 2.c4 e6 3.Nf3 Nf6 4.Nc3 Be7 5.Bg5 O-O 6.e3 c6 7.Bd3 dxc4 8.Bxc4 
Nd5 9.Bxe7 Qxe7 10.O-O Nd7 11.e4 Nxc3 12.bxc3 e5 13.Re1 exd4 14.cxd4 Nb6 
15.Bb3 Bg4 16.Qd3 Rad8 17.Rad1 Rfe8 18.Ne5 Bxd1 19.Bxf7+ Kh8 20.Bxe8 Qxe5 
21.dxe5 Rxd3 22.e6 Bg4 23.e7 Nc8 24.Bxc6 Nxe7 25.Bxb7 Be6 26.a4 Ra3 27.f4 
Kg8 28.Rd1 Rxa4 29.f5 Bb3 30.Rd7 Kf7 31.Kf2 a5 32.g4 Rb4 33.Ke3 Ke8 34.Rc7
Kd8 0-1

[Event "46th Bosna it"]
[Site "Sarajevo BIH"]
[Date "2016.05.31"]
[Round "6.45"]
[White "Peric, Pero"]
[Black "Haskovic, Salih"]
[Result "0-1"]
[WhiteElo "1746"]
[BlackElo "1984"]
[EventDate "2016.05.28"]
[PlyCount "37"]

1.e4 e5 2.Nf3 Nf6 3.Nc3 Nc6 4.a3 a6 5.Bc4 Be7 6.d4 exd4 7.Nxd4 Nxd4 8.Qxd4
d6 9.O-O O-O 10.f4 c5 11.Qf2 b5 12.Be2 b4 13.axb4 cxb4 14.Nd5 Nxd5 15.exd5
Bb7 16.Bf3 Bf6 17.Rb1 a5 18.Bd2 Rc8 19.Be3 0-1

[Event "46th Bosna it"]
[Site "Sarajevo BIH"]
[Date "2016.05.31"]
[Round "6.46"]
[White "Demic, Aleksandar"]
[Black "Dedic, Nedzad"]
[Result "0-1"]
[WhiteElo "1727"]
[BlackElo "1977"]
[EventDate "2016.05.28"]
[PlyCount "100"]

1.e4 e6 2.d4 d5 3.Nc3 Nf6 4.Bg5 Bb4 5.e5 h6 6.exf6 hxg5 7.fxg7 Rg8 8.Qh5 
Qf6 9.Nf3 Qxg7 10.Bd3 Bd7 11.O-O Nc6 12.Nb5 O-O-O 13.c3 Be7 14.Ne5 Nxe5 
15.dxe5 a6 16.Nd4 c5 17.Nc2 Qxe5 18.Qxf7 Bd6 19.g3 Rg7 20.Qh5 Qf6 21.c4 
Bc6 22.cxd5 exd5 23.Ne3 Bc7 24.Rac1 c4 25.Bb1 b5 26.b3 Kb8 27.bxc4 dxc4 
28.a4 Bb6 29.axb5 axb5 30.Qg4 Bxe3 31.fxe3 Qe5 32.Qe2 g4 33.Rf5 Qd6 34.Ba2
Qd2 35.Qxd2 Rxd2 36.Bxc4 bxc4 37.Rxc4 Kb7 38.Rff4 Rg2+ 39.Kf1 Rxh2 40.Rb4+
Ka6 41.Rxg4 Rd7 42.Rgd4 Rc7 43.Kg1 Rg2+ 44.Kf1 Rc2 45.Ke1 Bb5 46.Rd2 Rc1+ 
47.Rd1 R1c3 48.Re4 Rh7 49.Re6+ Ka5 50.Kd2 Ra3 0-1

[Event "46th Bosna it"]
[Site "Sarajevo BIH"]
[Date "2016.05.31"]
[Round "6.47"]
[White "Halilovic, Fahrudin"]
[Black "Lipovcic, Marko"]
[Result "1-0"]
[WhiteElo "1973"]
[BlackElo "1281"]
[EventDate "2016.05.28"]
[PlyCount "61"]

1.e4 c5 2.Nc3 d6 3.f4 Nf6 4.Nf3 g6 5.Bc4 Bg7 6.O-O O-O 7.d3 Nc6 8.Qe1 Na5 
9.e5 Ne8 10.e6 f5 11.Ng5 Nxc4 12.dxc4 Nc7 13.Qh4 h5 14.Qg3 Bxc3 15.Qxc3 
Nxe6 16.Nxe6 Bxe6 17.b3 Kh7 18.Bb2 Rg8 19.Rae1 Bd7 20.Re3 Qf8 21.Rfe1 Re8 
22.Qa5 e6 23.Qxa7 Bc6 24.Rxe6 Ra8 25.Qb6 Be4 26.Qxb7+ Kh6 27.Re7 g5 28.
fxg5+ Kxg5 29.Qb6 h4 30.Bc1+ Kh5 31.Rh7+ 1-0

[Event "46th Bosna it"]
[Site "Sarajevo BIH"]
[Date "2016.05.31"]
[Round "6.48"]
[White "Cunjalo, Faris"]
[Black "Markovic, Rade A"]
[Result "0-1"]
[WhiteElo "1966"]
[BlackElo "1730"]
[EventDate "2016.05.28"]
[PlyCount "80"]

1.d4 d5 2.c4 Nc6 3.Nc3 Nf6 4.Bf4 a6 5.e3 e6 6.Nf3 Be7 7.h3 O-O 8.Be2 dxc4 
9.Bxc4 Nd5 10.Bg3 f5 11.Bxd5 exd5 12.Qb3 Nb4 13.O-O c6 14.a3 f4 15.exf4 
Nd3 16.Nxd5 Qxd5 17.Qxd3 Bf5 18.Qc3 Bd6 19.Ne5 Rae8 20.Rfe1 Be4 21.f3 Bf5 
22.Qc4 Rxe5 23.Qxd5+ Rxd5 24.Rad1 Bd7 25.Re4 Rdf5 26.Bf2 Bxf4 27.g4 Rd5 
28.b4 Bd6 29.Kg2 h5 30.Bg3 hxg4 31.hxg4 Bxg3 32.Kxg3 a5 33.Re5 axb4 34.
axb4 Rf6 35.Rxd5 cxd5 36.Rc1 Rc6 37.Re1 Rc4 38.Re7 Bc6 39.b5 Bxb5 40.Rxb7 
Ba4 0-1

[Event "46th Bosna it"]
[Site "Sarajevo BIH"]
[Date "2016.05.31"]
[Round "6.51"]
[White "Yavic, Adnan"]
[Black "Colpa, Husein"]
[Result "1-0"]
[WhiteElo "1696"]
[BlackElo "1926"]
[EventDate "2016.05.28"]
[PlyCount "60"]

1.e4 c5 2.Nc3 Nc6 3.f4 g6 4.Nf3 Bg7 5.d3 d6 6.Be3 b6 7.Qd2 Nf6 8.h3 Bb7 9.
g4 e6 10.Bg2 d5 11.exd5 Nxd5 12.Nxd5 exd5 13.O-O-O Qf6 14.c3 O-O-O 15.d4 
cxd4 16.Nxd4 Rd7 17.h4 Kb8 18.f5 Ka8 19.g5 Qd8 20.f6 Bf8 21.Bh3 Ne5 22.
Bxd7 Qxd7 23.Kb1 h5 24.Bf4 Nc4 25.Qe2 Bc5 26.Rhe1 Rc8 27.Ka1 a6 28.Nb3 Bf8
29.Rd4 a5 30.Red1 Qb5 1-0

[Event "46th Bosna it"]
[Site "Sarajevo BIH"]
[Date "2016.05.31"]
[Round "6.54"]
[White "Sejmenovic, Senad"]
[Black "Sinik, Yagmur"]
[Result "1-0"]
[WhiteElo "1802"]
[BlackElo "1394"]
[EventDate "2016.05.28"]
[PlyCount "45"]

1.d4 d5 2.c4 c6 3.Nc3 Nf6 4.Bg5 Nbd7 5.cxd5 cxd5 6.Qb3 e6 7.e3 Be7 8.Be2 
Nb6 9.a4 h6 10.Bf4 Bd6 11.Bb5+ Kf8 12.Bxd6+ Qxd6 13.a5 Nbd7 14.Nf3 Ke7 15.
Bd3 Ke8 16.Nb5 Qb8 17.Qd1 Kd8 18.Rc1 Ke7 19.Nc7 Ne8 20.Nxa8 Qxa8 21.Bb5 f6
22.O-O Qb8 23.Qc2 1-0

[Event "46th Bosna it"]
[Site "Sarajevo BIH"]
[Date "2016.05.31"]
[Round "6.55"]
[White "Strinic, Hamdija"]
[Black "Bajic, Salko"]
[Result "1-0"]
[WhiteElo "1689"]
[BlackElo "1786"]
[EventDate "2016.05.28"]
[PlyCount "73"]

1.c4 Nf6 2.Nc3 e5 3.Nf3 d6 4.h3 Be6 5.e3 c6 6.d4 e4 7.Nd2 d5 8.Qc2 a6 9.
Be2 Nbd7 10.O-O Rc8 11.f3 exf3 12.Rxf3 Bd6 13.e4 dxe4 14.Ncxe4 Nxe4 15.
Nxe4 Be7 16.Bf4 Nf6 17.Be5 Qd7 18.Raf1 h6 19.Rxf6 gxf6 20.Bxf6 Rg8 21.Bxe7
Qxd4+ 22.Kh1 Kxe7 23.Rd1 Qe3 24.Rd3 Qb6 25.Qc3 Rcd8 26.c5 Qc7 27.Qf6+ Ke8 
28.Nd6+ Kf8 29.Qxh6+ Ke7 30.Qh4+ Kf8 31.a3 Rb8 32.Bh5 Rh8 33.Qg5 Qe7 34.
Qe5 f6 35.Rf3 Kg7 36.Nf5+ Kh7 37.Bg6+ 1-0

[Event "46th Bosna it"]
[Site "Sarajevo BIH"]
[Date "2016.05.31"]
[Round "6.58"]
[White "Sabanagic, Mirza"]
[Black "Agic, Ahmed"]
[Result "0-1"]
[WhiteElo "1612"]
[BlackElo "1856"]
[EventDate "2016.05.28"]
[PlyCount "50"]

1.e4 e5 2.Nf3 Nc6 3.d4 exd4 4.Nxd4 Nf6 5.Nxc6 bxc6 6.Bd3 d6 7.O-O Be7 8.b3
O-O 9.Bb2 Bg4 10.f3 Bh5 11.Nc3 Nd7 12.Qd2 Nc5 13.Bc4 Bg6 14.Rae1 Kh8 15.f4
f5 16.exf5 Bxf5 17.b4 Nd7 18.Kh1 d5 19.Bb3 Bxb4 20.Qd4 Bc5 21.Qd1 Nf6 22.
Qf3 Re8 23.Na4 Bd6 24.Rxe8+ Nxe8 25.g4 Be4 0-1

[Event "46th Bosna it"]
[Site "Sarajevo BIH"]
[Date "2016.05.31"]
[Round "6.59"]
[White "Hamzic, Adil"]
[Black "Kocanovic, Armin"]
[Result "0-1"]
[WhiteElo "1780"]
[BlackElo "1592"]
[EventDate "2016.05.28"]
[PlyCount "77"]

1.e4 e6 2.d4 d5 3.Nd2 Nf6 4.exd5 exd5 5.Ngf3 Be7 6.h3 O-O 7.Bd3 Re8 8.O-O 
b6 9.b3 c5 10.Bb5 Bd7 11.Bd3 Nc6 12.dxc5 bxc5 13.Bb2 h6 14.c4 Nb4 15.Bb1 
d4 16.a3 Nc6 17.Qc2 Bf8 18.Nh2 Ne7 19.b4 Bf5 20.Qd1 Bxb1 21.Rxb1 Ng6 22.
Nb3 cxb4 23.axb4 Bxb4 24.Bxd4 Ne4 25.Qc2 a5 26.Rfd1 Qc7 27.Nf3 Nf4 28.Qb2 
Ne6 29.Qc2 Nxd4 30.Rxd4 Nc3 31.Re1 Rxe1+ 32.Nxe1 Re8 33.Nf3 Ne2+ 34.Kh1 
Nxd4 35.Nbxd4 Rc8 36.Qf5 Qxc4 37.Qe5 Qc1+ 38.Kh2 Qc7 39.g3 0-1

[Event "46th Bosna it"]
[Site "Sarajevo BIH"]
[Date "2016.05.31"]
[Round "6.61"]
[White "Maric, Vedran"]
[Black "Gacic, Uzeir"]
[Result "1-0"]
[WhiteElo "1588"]
[BlackElo "1713"]
[EventDate "2016.05.28"]
[PlyCount "75"]

1.e4 e5 2.Nf3 Nc6 3.Bb5 Bd6 4.O-O Nge7 5.c3 Nb8 6.d4 Ng6 7.Bc4 h6 8.dxe5 
Bxe5 9.Qd5 Qe7 10.Nxe5 Nxe5 11.Bb3 c6 12.Qd4 d6 13.f4 Ng6 14.Qxg7 Qf8 15.
Qxf8+ Nxf8 16.e5 d5 17.Nd2 Bf5 18.Nf3 Rg8 19.Nd4 Be4 20.g3 h5 21.Bc2 Bxc2 
22.Nxc2 h4 23.Kg2 Nbd7 24.Nd4 hxg3 25.hxg3 O-O-O 26.Nf5 Kc7 27.Nd6 f6 28.
Nf7 Re8 29.exf6 Nxf6 30.Kf3 N8d7 31.Be3 Ne4 32.g4 Ref8 33.Nh6 Rh8 34.f5 
Ne5+ 35.Kg2 b6 36.Bf4 Re8 37.Nf7 Kb7 38.Nxe5 1-0

[Event "46th Bosna it"]
[Site "Sarajevo BIH"]
[Date "2016.05.31"]
[Round "6.65"]
[White "Fejzic, Danis"]
[Black "Tutic, Amina"]
[Result "1-0"]
[WhiteElo "1373"]
[BlackElo "1511"]
[EventDate "2016.05.28"]
[PlyCount "117"]

1.e4 c5 2.Nf3 e6 3.d4 cxd4 4.Nxd4 a6 5.Nc3 d6 6.Be2 Nf6 7.O-O Be7 8.Be3 
Nbd7 9.Qd2 O-O 10.Rad1 Qc7 11.Nf3 b6 12.Qd3 Bb7 13.Bf4 Ne8 14.Rfe1 Nc5 15.
Qe3 Bc6 16.e5 d5 17.Nd4 b5 18.Nxc6 Qxc6 19.b4 Nd7 20.a3 Rc8 21.Rd3 Nb6 22.
Bd1 Nc7 23.Qg3 Kh8 24.Ne2 Rg8 25.Rc3 Qd7 26.Be3 Nc4 27.Nd4 Nxa3 28.Nc6 Nc4
29.Nxe7 Qxe7 30.Bc5 Qd8 31.Qd3 Na8 32.Bf3 f5 33.exf6 Qxf6 34.Qd4 Qxd4 35.
Bxd4 Nc7 36.Be5 Nxe5 37.Rxe5 Rge8 38.Bg4 Re7 39.Rxe6 Rce8 40.Rxe7 Rxe7 41.
h3 g6 42.Re3 Rxe3 43.fxe3 Kg7 44.Kf2 Kf6 45.Ke2 Ke5 46.Kd3 h5 47.Bf3 Ne6 
48.c3 Nd8 49.g4 hxg4 50.Bxg4 Ne6 51.Bxe6 Kxe6 52.Kd4 Kd6 53.e4 dxe4 54.
Kxe4 Ke6 55.Kd4 Kf6 56.Kc5 Kf5 57.Kb6 Kf4 58.Kxa6 g5 59.Kxb5 1-0

[Event "46th Bosna it"]
[Site "Sarajevo BIH"]
[Date "2016.06.01"]
[Round "7.13"]
[White "Kamberovic, Senad"]
[Black "Plenca, Jadranko"]
[Result "0-1"]
[WhiteElo "2179"]
[BlackElo "2390"]
[EventDate "2016.05.28"]
[PlyCount "82"]

1.d4 d5 2.Nf3 Nf6 3.e3 c5 4.b3 Nc6 5.Bb2 cxd4 6.exd4 g6 7.Bd3 Bg7 8.O-O 
O-O 9.Nbd2 Nb4 10.Be2 Bf5 11.c3 Nd3 12.Bxd3 Bxd3 13.Re1 Rc8 14.Ne5 Bf5 15.
Qe2 Re8 16.h3 Rc7 17.Rac1 Bh6 18.Ra1 Nh5 19.g4 Nf4 20.Qf3 Bc8 21.Nf1 f6 
22.Nd3 Qd6 23.Nxf4 Bxf4 24.Ne3 Be6 25.a4 Bg5 26.Rad1 Bf7 27.Ng2 Qb6 28.b4 
Qc6 29.a5 e5 30.Qg3 e4 31.Ne3 Rce7 32.Rb1 Qc7 33.Qxc7 Rxc7 34.Kg2 Be6 35.
Kg3 h5 36.Ng2 hxg4 37.hxg4 Bd2 38.Re2 Bxc3 39.Rc2 Rec8 40.Rbc1 Bxb2 41.
Rxc7 Bxc1 0-1

[Event "46th Bosna it"]
[Site "Sarajevo BIH"]
[Date "2016.06.01"]
[Round "7.14"]
[White "Arapovic, Vitomir"]
[Black "Musovic, Armin"]
[Result "1/2-1/2"]
[WhiteElo "2350"]
[BlackElo "2203"]
[EventDate "2016.05.28"]
[PlyCount "87"]

1.e4 c6 2.Nc3 d5 3.Nf3 dxe4 4.Nxe4 Nf6 5.Nxf6+ exf6 6.g3 Bg4 7.Bg2 Qe7+ 8.
Qe2 Na6 9.Qxe7+ Bxe7 10.h3 Bh5 11.a3 g5 12.d4 Bg6 13.c3 O-O-O 14.O-O Rhe8 
15.Be3 Bd6 16.Rfe1 Re7 17.Nd2 Bd3 18.Bf1 Bf5 19.g4 Bg6 20.Nc4 Bb8 21.Bd2 
Rde8 22.Rxe7 Rxe7 23.Ne3 Nc7 24.Re1 Kd7 25.f3 Ne6 26.d5 Nf4 27.dxc6+ Kxc6 
28.Nf5 Rxe1 29.Bxe1 Bxf5 30.gxf5 Kd5 31.Bd2 Ke5 32.Bxf4+ Kxf4 33.Kf2 Bd6 
34.Bc4 Bc5+ 35.Kg2 Be3 36.a4 Kxf5 37.Bxf7 Bc1 38.b3 Kf4 39.Bd5 b6 40.b4 
Bd2 41.a5 Ke5 42.axb6 axb6 43.Bc6 Bxc3 44.b5 1/2-1/2

[Event "46th Bosna it"]
[Site "Sarajevo BIH"]
[Date "2016.06.01"]
[Round "7.15"]
[White "Hadzovic, Amir"]
[Black "Vajic, Goran"]
[Result "1-0"]
[WhiteElo "2218"]
[BlackElo "2299"]
[EventDate "2016.05.28"]
[PlyCount "117"]

1.Nf3 d5 2.g3 Nc6 3.Bg2 e5 4.d3 Nf6 5.c3 Be7 6.O-O O-O 7.Qc2 a5 8.e4 Bg4 
9.Re1 dxe4 10.dxe4 Qc8 11.Nbd2 Bh5 12.Nf1 Bg6 13.Nh4 Bc5 14.Be3 Bxe3 15.
Nxe3 Qe6 16.Nhf5 Rfd8 17.h4 h5 18.Bh3 Bxf5 19.Nxf5 Qc4 20.Qc1 Nh7 21.Bf1 
Qc5 22.b3 Rd7 23.Bc4 Ne7 24.Qe3 Qxe3 25.Nxe3 Nf6 26.f3 Rd2 27.Re2 Rxe2 28.
Bxe2 a4 29.b4 Kf8 30.Rd1 Ke8 31.a3 Nd7 32.Bb5 c6 33.Be2 Nb6 34.c4 c5 35.
Rb1 Nd7 36.Nd5 Nxd5 37.cxd5 Ke7 38.f4 exf4 39.gxf4 f6 40.bxc5 Nxc5 41.e5 
fxe5 42.fxe5 Nb3 43.Rf1 Nd2 44.Rd1 Ne4 45.Bc4 Rc8 46.d6+ Kd8 47.e6 Rxc4 
48.d7 Nd2 49.Rxd2 Re4 50.Rd6 Re5 51.Kf2 Rf5+ 52.Ke3 Rf8 53.Kd4 Ke7 54.Rd5 
g6 55.Ke4 Rd8 56.Re5 Rf8 57.Kd5 Rf3 58.Kc5 Rxa3 59.Rd5 1-0

[Event "46th Bosna it"]
[Site "Sarajevo BIH"]
[Date "2016.06.01"]
[Round "7.16"]
[White "Durakovic, Alman"]
[Black "Sinanovic, Ermin"]
[Result "1/2-1/2"]
[WhiteElo "2292"]
[BlackElo "2153"]
[EventDate "2016.05.28"]
[PlyCount "36"]

1.e4 c5 2.Nf3 d6 3.d4 cxd4 4.Qxd4 Nc6 5.Bb5 Bd7 6.Bxc6 Bxc6 7.Nc3 Nf6 8.
Bg5 e5 9.Qd3 Be7 10.O-O O-O 11.Bxf6 Bxf6 12.Nd5 Rc8 13.c4 Bxd5 14.Qxd5 Rc5
15.Qd3 Qc7 16.Nd2 Bg5 17.Nf3 Be7 18.Nd2 Bg5 1/2-1/2

[Event "46th Bosna it"]
[Site "Sarajevo BIH"]
[Date "2016.06.01"]
[Round "7.17"]
[White "Zildzic, Kenan"]
[Black "Kvisvik, Brede"]
[Result "1/2-1/2"]
[WhiteElo "2135"]
[BlackElo "2287"]
[EventDate "2016.05.28"]
[PlyCount "116"]

1.e4 c5 2.Nc3 a6 3.g3 b5 4.Bg2 Bb7 5.d3 e6 6.Nf3 Be7 7.O-O b4 8.Ne2 d5 9.
exd5 Bxd5 10.c4 Bb7 11.d4 Nf6 12.Qa4+ Bc6 13.Qb3 O-O 14.Rd1 Qe8 15.Qe3 
Nbd7 16.b3 cxd4 17.Nexd4 Bc5 18.Qe1 Ng4 19.Rd2 Bb7 20.Bb2 e5 21.h3 Nxf2 
22.Qxf2 exd4 23.Bxd4 Bxd4 24.Qxd4 Nf6 25.Re1 Qb8 26.Qb6 Ne4 27.Rd7 Bc8 28.
Qxb8 Rxb8 29.Rc7 Nxg3 30.Ne5 Be6 31.Nc6 Rb6 32.Kh2 Nf5 33.Be4 g6 34.c5 Rb5
35.Rc1 Bc8 36.Na7 Rb8 37.Nc6 Rb5 38.Bd3 Rb7 39.Rxb7 Bxb7 40.Nxb4 a5 41.c6 
Bc8 42.Nd5 Rd8 43.Bxf5 gxf5 44.Ne7+ Kf8 45.Nxc8 Rxc8 46.a3 Ke7 47.b4 axb4 
48.axb4 Kd6 49.b5 Kc7 50.Rc5 f4 51.Rf5 Kb6 52.h4 Rg8 53.Rg5 Rg6 54.Kh3 h6 
55.Rf5 Rg3+ 56.Kh2 Rg4 57.h5 f6 58.Rxf6 Rh4+ 1/2-1/2

[Event "46th Bosna it"]
[Site "Sarajevo BIH"]
[Date "2016.06.01"]
[Round "7.19"]
[White "Grynszpan, Mariano"]
[Black "Banduka, Zeljko"]
[Result "1-0"]
[WhiteElo "2400"]
[BlackElo "2081"]
[EventDate "2016.05.28"]
[PlyCount "43"]

1.d4 d5 2.Nf3 c6 3.e3 Nf6 4.c4 e6 5.Nc3 Nbd7 6.Qc2 Bd6 7.Bd2 O-O 8.O-O-O 
h6 9.e4 dxe4 10.Nxe4 Nxe4 11.Qxe4 Nf6 12.Qc2 Qc7 13.Kb1 b6 14.g4 Bf4 15.
Rg1 c5 16.h4 Bb7 17.g5 hxg5 18.hxg5 Be4 19.Bd3 Bxf3 20.gxf6 g5 21.Qc1 Kh8 
22.Rxg5 1-0

[Event "46th Bosna it"]
[Site "Sarajevo BIH"]
[Date "2016.06.01"]
[Round "7.20"]
[White "Jakovljevic, Vlado"]
[Black "Petrovic, Marija"]
[Result "1/2-1/2"]
[WhiteElo "2395"]
[BlackElo "2055"]
[EventDate "2016.05.28"]
[PlyCount "132"]

1.Nf3 d5 2.d4 c6 3.c4 Nf6 4.Nc3 Qb6 5.e3 Bg4 6.h3 Bxf3 7.Qxf3 e6 8.Bd3 
Nbd7 9.c5 Qc7 10.b4 e5 11.Qg3 Nh5 12.Qh2 g6 13.O-O Bg7 14.e4 dxe4 15.Bxe4 
O-O 16.d5 a5 17.dxc6 bxc6 18.b5 Nxc5 19.Bxc6 Rac8 20.Ba3 Ne6 21.Nd5 Qa7 
22.Ne7+ Kh8 23.Nxc8 Rxc8 24.Rab1 Nd4 25.b6 Qb8 26.Bf3 Nxf3+ 27.gxf3 Nf4 
28.b7 Re8 29.Rfd1 Bf8 30.Bxf8 Rxf8 31.Rd2 Qc7 32.Kh1 Rb8 33.Rdb2 h5 34.Qg1
Qd7 35.Qf1 Qf5 36.Kh2 Kg7 37.Rd1 g5 38.Rb5 g4 39.Re1 Nxh3 40.fxg4 hxg4 41.
Re3 f6 42.Rg3 Ng5 43.Qe2 Nf3+ 44.Qxf3 Qxf3 45.Rxf3 gxf3 46.Kg3 Kf7 47.Kxf3
Ke6 48.Ke3 f5 49.Kd3 Kd6 50.Kc4 Kc6 51.Rc5+ Kd6 52.Rd5+ Kc6 53.Rxe5 Rxb7 
54.Rxf5 Rb2 55.Rf6+ Kc7 56.a3 a4 57.Rf3 Kc6 58.Kd4 Kd6 59.Ke4 Ke6 60.Kf4 
Kf6 61.Kg3+ Ke5 62.Kg2 Rb3 63.Rg3 Kf4 64.Kh2 Rb2 65.Kg1 Rb1+ 66.Kg2 Rb3 
1/2-1/2

[Event "46th Bosna it"]
[Site "Sarajevo BIH"]
[Date "2016.06.01"]
[Round "7.21"]
[White "Zlobec, Srdjan"]
[Black "Burovic, Ismet"]
[Result "1-0"]
[WhiteElo "2062"]
[BlackElo "2377"]
[EventDate "2016.05.28"]
[PlyCount "119"]

1.d4 d6 2.Nf3 g6 3.Bf4 Bg7 4.e3 Nc6 5.h3 Bf5 6.Be2 e5 7.Bh2 exd4 8.exd4 
Nf6 9.O-O O-O 10.c4 Ne4 11.Nc3 Ng5 12.d5 Nxf3+ 13.Bxf3 Nd4 14.Be4 Qg5 15.
Bxf5 Qxf5 16.c5 dxc5 17.Bxc7 b5 18.Qg4 b4 19.Qxf5 gxf5 20.Na4 Nb5 21.Ba5 
Rfc8 22.Rac1 Bd4 23.Rfe1 Kf8 24.Rc2 Nd6 25.Rec1 Rab8 26.Nxc5 Rb5 27.Nb3 
Rxc2 28.Rxc2 Bb6 29.Bxb6 axb6 30.Rc6 Ke7 31.f3 Kd7 32.Kf2 Nc8 33.Rh6 Rxd5 
34.Rxh7 Nd6 35.Rh4 b5 36.Rd4 Re5 37.Rxb4 Kc6 38.h4 Re8 39.h5 Ra8 40.Nd4+ 
Kc5 41.a3 Rg8 42.h6 Rh8 43.Nb3+ Kd5 44.Rh4 Ke5 45.Nc5 Kf6 46.h7 Kg5 47.g3 
f6 48.b3 Nf7 49.a4 bxa4 50.bxa4 Rc8 51.Ne6+ Kg6 52.a5 Nh8 53.Ra4 Kf7 54.
Nd4 f4 55.gxf4 Ke7 56.a6 Kd7 57.a7 Ra8 58.Ra6 Nf7 59.Rxf6 Ke7 60.Rb6 1-0

[Event "46th Bosna it"]
[Site "Sarajevo BIH"]
[Date "2016.06.01"]
[Round "7.22"]
[White "Sutkovic, Damir"]
[Black "Sesar, Ivan"]
[Result "1-0"]
[WhiteElo "2316"]
[BlackElo "2077"]
[EventDate "2016.05.28"]
[PlyCount "48"]

1.d4 Nf6 2.c4 e6 3.Nc3 Bb4 4.e3 O-O 5.Ne2 c5 6.a3 cxd4 7.exd4 Be7 8.Nf4 d5
9.Be3 b6 10.Be2 Bb7 11.Bf3 Qd7 12.cxd5 exd5 13.Qb3 Rd8 14.O-O Qf5 15.Rac1 
g5 16.Nfe2 Qg6 17.Ng3 g4 18.Bd1 Kh8 19.Bc2 Ne4 20.f3 gxf3 21.gxf3 Bd6 22.
Ne2 Ba6 23.fxe4 Bxe2 24.e5 Qg4 1-0

[Event "46th Bosna it"]
[Site "Sarajevo BIH"]
[Date "2016.06.01"]
[Round "7.23"]
[White "Slamar, Velimir"]
[Black "Vea, Odin Blikra"]
[Result "0-1"]
[WhiteElo "2115"]
[BlackElo "2288"]
[EventDate "2016.05.28"]
[PlyCount "74"]

1.Nf3 Nf6 2.d4 c5 3.e3 d5 4.Be2 Nc6 5.O-O g6 6.c4 cxd4 7.cxd5 Nxd5 8.exd4 
Bg7 9.Nc3 O-O 10.Qb3 Nxc3 11.bxc3 Na5 12.Qa3 Be6 13.Bg5 f6 14.Bf4 Rc8 15.
Rfe1 Bd5 16.Rac1 Rf7 17.c4 Nxc4 18.Qxa7 b5 19.Qa6 e5 20.dxe5 fxe5 21.Bg5 
Qe8 22.a4 e4 23.Bxc4 bxc4 24.Nd2 c3 25.Nf1 c2 26.Qd6 Rd7 27.Qa3 Qe5 28.Bd2
Qb2 29.Qh3 Rdc7 30.Ne3 Bf7 31.Ba5 Rc5 32.Qd7 Qd4 33.Qb7 Qxa4 34.Bd2 Qc6 
35.Qe7 Bf6 36.Qxc5 Qxc5 37.Rxc2 Qf8 0-1

[Event "46th Bosna it"]
[Site "Sarajevo BIH"]
[Date "2016.06.01"]
[Round "7.24"]
[White "Vujicic, Dragisa"]
[Black "Mrndjic, Muamer"]
[Result "0-1"]
[WhiteElo "1896"]
[BlackElo "2224"]
[EventDate "2016.05.28"]
[PlyCount "44"]

1.e4 c5 2.Nc3 d6 3.g3 g6 4.Bg2 Nc6 5.d3 Nf6 6.Nge2 Bg7 7.O-O O-O 8.Be3 Ng4
9.Bd2 Nd4 10.h3 Ne5 11.f4 Nec6 12.Rb1 Rb8 13.Nd5 e6 14.Ne3 f5 15.c3 Nxe2+ 
16.Qxe2 Bd7 17.Kh2 b5 18.g4 fxg4 19.hxg4 Rxf4 20.Rxf4 Be5 21.Nf1 g5 22.Ng3
gxf4 0-1

[Event "46th Bosna it"]
[Site "Sarajevo BIH"]
[Date "2016.06.01"]
[Round "7.27"]
[White "Kurtcehajlic, Suad"]
[Black "Schettler, Juergen"]
[Result "1/2-1/2"]
[WhiteElo "2044"]
[BlackElo "2139"]
[EventDate "2016.05.28"]
[PlyCount "75"]

1.e4 e6 2.d4 d5 3.Nd2 Nf6 4.e5 Nfd7 5.Bd3 c5 6.c3 Nc6 7.Ne2 cxd4 8.cxd4 f6
9.exf6 Nxf6 10.O-O Bd6 11.Nf3 O-O 12.Ng3 Bd7 13.Re1 Qb6 14.b3 Rae8 15.Bg5 
e5 16.Bxf6 Rxf6 17.dxe5 Nxe5 18.Be2 Ng4 19.Rf1 Nxh2 20.Kxh2 Rh6+ 21.Kg1 
Bxg3 22.Qxd5+ Kf8 23.Bc4 Be6 24.Qb5 Bxc4 25.Qxb6 Rxb6 26.bxc4 Be5 27.Rab1 
Rxb1 28.Rxb1 b6 29.Nxe5 Rxe5 30.Kf1 Rc5 31.Rb4 Ke7 32.Ke2 Kd6 33.Kd3 Rf5 
34.f3 h5 35.Rb2 g5 36.Kd4 Kc6 37.Re2 Kd6 38.Re8 1/2-1/2

[Event "46th Bosna it"]
[Site "Sarajevo BIH"]
[Date "2016.06.01"]
[Round "7.29"]
[White "Batricevic, Sasa"]
[Black "Haskovic, Salih"]
[Result "1-0"]
[WhiteElo "2296"]
[BlackElo "1984"]
[EventDate "2016.05.28"]
[PlyCount "47"]

1.e4 e5 2.Nf3 Nf6 3.Nxe5 Qe7 4.Nf3 Qxe4+ 5.Be2 Bc5 6.d4 Bb6 7.Nc3 Ba5 8.
O-O Bxc3 9.Bd3 Qe7 10.bxc3 O-O 11.Nh4 d6 12.Qf3 Qe6 13.Nf5 d5 14.Bh6 g6 
15.Bxf8 Kxf8 16.Rfe1 Ne4 17.Ng3 f5 18.Bxe4 dxe4 19.Nxe4 Qc6 20.d5 Qa4 21.
Qf4 Nd7 22.Qh6+ Kg8 23.Ng5 Nf6 24.Re7 1-0